50 least democratic countries in the world - Statistics

General Stats
  • This quiz has been taken 344 times
  • The average score is 38 of 50
Answer Stats
Index Country % Correct
145 Vietnam
90%
141 Sudan
87%
144 Democratic Republic of Congo
86%
142 Qatar
86%
149 Tajikistan
85%
123 Bahrain
84%
140 Iran
84%
118 Rwanda
84%
153 Syria
84%
135 Afghanistan
83%
132 Algeria
82%
124 Cuba
82%
154 Eritrea
82%
163 Myanmar
82%
138 China
81%
143 Oman
81%
148 Zimbabwe
81%
120 Kazakhstan
79%
167 North Korea
79%
147 Bhutan
78%
161 Libya
78%
126 Nepal
78%
160 Uzbekistan
78%
131 Congo Brazzaville
77%
162 Turkmenistan
77%
128 Belarus
76%
125 Nigeria
76%
130 Cameroon
74%
134 Kuwait
74%
159 Saudi Arabia
73%
119 Burkina Faso
72%
165 Chad
72%
150 United Arab Emirates
72%
155 Laos
71%
137 Yemen
70%
151 Angola
69%
136 Tunisia
69%
166 Central African Republic
68%
152 Djibouti
68%
133 Mauritania
68%
121 Sierra Leone
68%
129 Azerbaijan
66%
127 Côte d’Ivoire
66%
157 Guinea
66%
156 Equatorial Guinea
65%
164 Togo
64%
146 Gabon
63%
139 Swaziland
61%
122 Niger
60%
158 Guinea-Bissau
56%
No matching quizzes found
Score Distribution
Percent of People with Each Score
Percentile by Number Answered
Your Score History
You have not taken this quiz